000 00785nam a2200277Ia 4500
003 OSt
005 20221006144823.0
006 a|||||r|||| 00| 0
007 ta
008 221006b |||||||| |||| 00| 0 eng d
020 _a9780275951122
_c
_ 68.95
024 _a12,832
037 _cTextual
040 _aEASL
_cEASL
_beng
041 _2eng
_aeng
082 _aV41:19495(zF).N94, N5
100 _aGu Weiqun
_9652965
245 0 _aConflicts of divided nations
_b The cases of China and Korea
260 _aLondon
_bPraeger
_c1995
300 _a263p.
_ccm.
490 _v KEL
650 _a KEL
650 _aKorean - Chinese - reunification question
_9652966
942 _hV41:19495(zF).N94, N5
_cTEXL
_2CC
999 _c1080918
_d1080918